Смотри, запоминай, говори! Картинный словарь наиболее употребительных русских глаголов

Bibliografiske detaljer
Hovedforfatter: Г. Г. Малышев
Summary:Книга не входит в премиум-версию платформы «Русский как иностранный».
Данное пособие по русскому языку как иностранному представляет собой компактный словарь-справочник наиболее употребительных русских глаголов в картинках и таблицах. Пособие включает в себя 176 наиболее употребительных русских глаголов, а также сведения об управлении каждого глагола и образовании его форм. Эти сведения представлены в виде лексически наполненных синтаксических моделей, или речевых образцов. Ситуативно-значимое содержание образцов раскрывается через наглядно представленную ситуативную картинку, что обеспечивает более лёгкое, а главное, более эффективное восприятие учебных единиц. Тем же наглядным способом семантизируются и примеры использования усваиваемых глаголов в речи. Пособие предназначено как для аудиторной, так и для самостоятельной работы и может быть использовано всеми категориями учащихся, в первую очередь, на начальном этапе овладения языком (А1, А2).
Гарантированный срок размещения на платформе до 01.07.2026 (автопролонгация)
Udgivet: Санкт-Петербург, Златоуст, 2021
Udgivelse:Смотри, запоминай, говори! Картинный словарь наиболее употребительных русских глаголов
Fag:
Online adgang:Перейти к просмотру издания
Format: MixedMaterials Electronisk

MARC

LEADER 00000 a2200000 4500
001 RU/ROS-EDU.RU/118862
856 4 |u https://www.ros-edu.ru/book?id=118862  |z Перейти к просмотру издания 
010 |a 978-5-907123-68-7 
205 |a Смотри, запоминай, говори! Картинный словарь наиболее употребительных русских глаголов  |b 2026-07-01 
333 |a Гарантированный срок размещения на платформе до 01.07.2026 (автопролонгация) 
100 |a 20210101d2021 |||y0rusy0250   |s 2026-07-01 
105 |a y z 000zy 
101 0 |a rus 
102 |a RU 
200 1 |a Смотри, запоминай, говори! Картинный словарь наиболее употребительных русских глаголов  |b Электронный ресурс  |f Г. Г. Малышев 
700 1 |b Г. Г.  |a Малышев  |4 070 
330 |a Данное пособие по русскому языку как иностранному представляет собой компактный словарь-справочник наиболее употребительных русских глаголов в картинках и таблицах. Пособие включает в себя 176 наиболее употребительных русских глаголов, а также сведения об управлении каждого глагола и образовании его форм. Эти сведения представлены в виде лексически наполненных синтаксических моделей, или речевых образцов. Ситуативно-значимое содержание образцов раскрывается через наглядно представленную ситуативную картинку, что обеспечивает более лёгкое, а главное, более эффективное восприятие учебных единиц. Тем же наглядным способом семантизируются и примеры использования усваиваемых глаголов в речи. Пособие предназначено как для аудиторной, так и для самостоятельной работы и может быть использовано всеми категориями учащихся, в первую очередь, на начальном этапе овладения языком (А1, А2). 
210 |a Санкт-Петербург  |c Златоуст  |d 2021 
610 1 |a словарь 
610 1 |a русский глагол 
610 1 |a русский язык 
610 1 |a лексика 
610 1 |a синтаксис 
610 1 |a речь 
675 |a 811.161 
686 |a 81.2  |2 rubbk 
300 |a Книга не входит в премиум-версию платформы «Русский как иностранный». 
215 |a 177 с.